000 01336cam a2200385 a 4500
001 6792
003 FISKH
005 20250827095729.0
008 060510s2006 ctua b 001 1 eng
010 _a 2006015028
020 _a1592495834 (hardcover : alk. paper)
020 _a9781592495832
040 _aDLC
_cDLC
_dDLC
_beng
050 _aPZ10.M698 G
082 _a470
100 1 _aMoody-Luther, Jacqueline.
245 1 0 _aGrizzly Bear Cub /
_cby Jacqueline Moody-Luther ; illustrated by Will Nelson.
260 _aNorwalk :
_bSoundprints,
_c2006.
300 _a32 pages :
_bcolor illustrations ;
_c23 cm
440 0 _aSoundprints' read-and-discover.
_nReading level 1
500 _a"Smithsonian Institution."
500 _a"Little Soundprints."
505 _aJ
520 _aDescribes a young grizzly bear's first summer as he goes with his mother to the river, meets other bears, and eats his first fish. Includes facts about grizzly bears.
521 8 _a430
_bLexile estimate
521 8 _aJ
_bRaz-Plus
650 0 _aGrizzly bear
_vJuvenile fiction.
650 1 _aGrizzly bears
_vFiction.
650 1 _aBrown bears
_vFiction.
650 1 _aBears
_vFiction.
700 1 _aNelson, Will,
_eillustrator
906 _a7
_bcbc
_corignew
_d1
_eecip
_f20
_gy-gencatlg
942 _2ddc
_cBK
_n0
999 _c6792
_d6792